| 000 -LEADER |
| fixed length control field |
00540nam a22001577a 4500 |
| 005 - DATE AND TIME OF LATEST TRANSACTION |
| control field |
20231120093947.0 |
| 008 - FIXED-LENGTH DATA ELEMENTS--GENERAL INFORMATION |
| fixed length control field |
231120s1981 ru ||||| |||| 00| 0 rus d |
| 041 ## - LANGUAGE CODE |
| Language code of text/sound track or separate title |
rus |
| 080 ## - UNIVERSAL DECIMAL CLASSIFICATION NUMBER |
| Universal Decimal Classification number |
1(060.55) Г-96 |
| 100 ## - MAIN ENTRY--PERSONAL NAME |
| Personal name |
Гусейнов, Г.Ч. |
| 9 (RLIN) |
20432 |
| 245 ## - TITLE STATEMENT |
| Title |
Драматургический метод Платона / |
| Statement of responsibility, etc. |
Г.Ч. Гусейнов. |
| 264 ## - PRODUCTION, PUBLICATION, DISTRIBUTION, MANUFACTURE, AND COPYRIGHT NOTICE |
| Place of production, publication, distribution, manufacture |
М.: |
| Name of producer, publisher, distributor, manufacturer |
ГИТИС, |
| Date of production, publication, distribution, manufacture, or copyright notice |
1981. |
| 300 ## - PHYSICAL DESCRIPTION |
| Extent |
63 с.: |
| Other physical details |
17 см. |
| 653 ## - INDEX TERM--UNCONTROLLED |
| keyword |
პლატონის დრამატული მეთოდი |
| 942 ## - ADDED ENTRY ELEMENTS (KOHA) |
| Source of classification or shelving scheme |
|
| Koha item type |
წიგნი |